| 000 | 00739nam a22002297a 4500 | ||
|---|---|---|---|
| 999 |
_c6645 _d6645 |
||
| 003 | AR-CdUCM | ||
| 008 | 190318b ||||| |||| 00| 0 spa d | ||
| 020 | _a84-7017-814-8 | ||
| 040 |
_aMUNICIPALIDAD PROVINCIAL DEL CUSCO _cBIBLIOTECA MUNICIPAL DEL CUSCO |
||
| 082 |
_a030 / _bAR71 / 1987 |
||
| 100 |
_aQuoniam, Claude _918691 |
||
| 245 | _aYo sé todo sobre cómo vivían / | ||
| 260 |
_aBarcelona : _bArgos Vergara, _c1987. |
||
| 300 |
_a152 páginas ; _bilustraciones a color ; _c28 cm. |
||
| 440 |
_aNueva enciclopedia juvenil. _918663 |
||
| 650 |
_aHistoria _943963 |
||
| 650 |
_aCultura general _96239 |
||
| 700 |
_aSergery, Étienne _918692 |
||
| 700 |
_aGaos, Igancio (traductor) _918693 |
||
| 942 |
_2ddc _cLIBROS |
||
| 945 | _azta | ||